[Event "Emerald City Open"]
[Site "Chess.com"]
[Date "2020.06.21"]
[Round "?"]
[White "Lu, Yiding"]
[Black "Goktepe, Derin"]
[Result "1-0"]
[WhiteElo "1666"]
[BlackElo "1930"]
[PlyCount "95"]
[EventDate "2020.??.??"]

1. e4 e5 2. Nc3 Nc6 3. Bc4 Bc5 4. d3 d6 5. Nge2 Nf6 6. O-O h6 7. Na4 Bb6 8.
Nxb6 axb6 9. a3 O-O 10. f4 Bg4 11. h3 Bxe2 12. Qxe2 Re8 13. Qf3 exf4 14. Qxf4
Ne5 15. Ba2 Qe7 16. Qf5 Ned7 17. Bd2 Kh8 18. Qf2 b5 19. Qh4 Kh7 20. Rf5 c6 21.
Raf1 Qf8 22. g4 Ne5 23. Bxh6 Ng6 24. Qxf6 gxf6 25. Bxf8 Rxf8 26. Rxf6 Ne5 27.
d4 Nc4 28. Bxc4 bxc4 29. Rxf7+ Rxf7 30. Rxf7+ Kg8 31. Rxb7 c3 32. bxc3 Rxa3 33.
Rb3 Ra1+ 34. Kf2 Ra2 35. Kg3 Rxc2 36. h4 Re2 37. Kf3 Rc2 38. h5 Kg7 39. Kf4 Kh6
40. e5 dxe5+ 41. dxe5 Rf2+ 42. Ke3 Rf7 43. Rb6 Kg5 44. Rxc6 Kxg4 45. h6 Kf5 46.
Rf6+ Rxf6 47. exf6 Kxf6 48. c4 1-0

[Event "Emerald City Open"]
[Site "Chess.com"]
[Date "2020.06.21"]
[Round "?"]
[White "Moore, Michael"]
[Black "Lu, Yiding"]
[Result "1-0"]
[WhiteElo "1950"]
[BlackElo "1666"]
[PlyCount "81"]
[EventDate "2020.??.??"]

1. d4 f5 2. Nc3 Nf6 3. Bg5 d5 4. Bxf6 exf6 5. e3 Nc6 6. a3 Be6 7. Bd3 Qd7 8.
Qf3 Be7 9. Nge2 g5 10. h3 O-O-O 11. O-O-O h5 12. Ng3 g4 13. Qxf5 Kb8 14. Qf4
Bd6 15. Qxf6 Rdf8 16. Qg6 Rxf2 17. Nxh5 Rxg2 18. Nf6 Qc8 19. hxg4 Rf8 20. g5
Ne7 21. Qg7 Nf5 22. Bxf5 Bxf5 23. Rd2 Rg3 24. Ncxd5 Be6 25. Rd3 Rf7 26. Qg6 Bf8
27. e4 Rg7 28. Qxg7 Rxd3 29. Qxc7+ Qxc7 30. Nxc7 Rh3 31. Rxh3 Bxh3 32. Nce8 Be6
33. d5 Bf7 34. Nd7+ Kc8 35. Nxf8 Bxe8 36. d6 Kd8 37. e5 Bh5 38. e6 Ke8 39. Nh7
Bg6 40. Nf6+ Kf8 41. e7+ 1-0

[Event "Emerald City Open"]
[Site "Chess.com"]
[Date "2020.06.20"]
[Round "?"]
[White "Li, Edward"]
[Black "Bagchi, Sounak"]
[Result "0-1"]
[WhiteElo "1595"]
[BlackElo "1995"]
[PlyCount "110"]
[EventDate "2020.??.??"]

1. e4 e5 2. Nf3 Nc6 3. Nc3 Nf6 4. Bb5 Bb4 5. O-O O-O 6. Bxc6 dxc6 7. d3 Qe7 8.
Qe2 h6 9. Nd1 Bc5 10. Be3 Bg4 11. h3 Bxf3 12. Qxf3 Bxe3 13. Nxe3 g6 14. Qg3 Kh7
15. Qh4 Qe6 16. g4 Ng8 17. Kg2 g5 18. Qg3 Ne7 19. Rh1 Ng6 20. Rag1 Nf4+ 21. Kf3
Qf6 22. Nf5 Ng6 23. Ke2 Nh4 24. Nxh4 gxh4 25. g5 hxg3 26. gxf6 Rg8 27. Rxg3 Rg6
28. Rf3 Re8 29. Rh2 Re6 30. c3 c5 31. Kf1 Rexf6 32. Rxf6 Rxf6 33. Rg2 Rb6 34.
f3 Rd6 35. Rd2 Kg6 36. Kg2 f5 37. Kg3 f4+ 38. Kg4 h5+ 39. Kh4 Kh6 40. a3 a5 41.
b3 b6 42. a4 Rd8 43. Rd1 c6 44. Rd2 b5 45. Rd1 c4 46. bxc4 bxa4 47. Ra1 c5 48.
Rxa4 Ra8 49. Ra3 a4 50. Ra2 a3 51. Rg2 a2 52. Rg5 a1=Q 53. Rxh5+ Kg6 54. Rg5+
Kf6 55. Rf5+ Ke6 0-1

[Event "Emerald City Open"]
[Site "Chess.com"]
[Date "2020.06.20"]
[Round "?"]
[White "Kozower, Ethan"]
[Black "Li, Edward"]
[Result "0-1"]
[WhiteElo "1863"]
[BlackElo "1595"]
[PlyCount "72"]
[EventDate "2020.??.??"]

1. Nf3 Nf6 2. d4 d5 3. c4 e6 4. Nc3 Be7 5. Bf4 b6 6. e3 Bb7 7. cxd5 Nxd5 8.
Nxd5 Bxd5 9. a3 Nd7 10. Be2 g5 11. Be5 Nxe5 12. Nxe5 Bd6 13. Bb5+ Kf8 14. O-O
f6 15. f4 Kg7 16. Nc6 Qd7 17. fxg5 f5 18. Nxa7 c6 19. Bxc6 Bxc6 20. Nxc6 Qxc6
21. Qh5 Rhg8 22. Qh6+ Kh8 23. Rf3 Rg6 24. Qh5 Rag8 25. h4 Qc2 26. Raf1 Qxb2 27.
Kh1 Qxa3 28. e4 Qb2 29. exf5 exf5 30. Rxf5 Qxd4 31. Rf7 R8g7 32. R7f3 Qc5 33.
Qg4 h6 34. Re1 Rg8 35. Qd7 Qb4 36. Qh3 Qxe1+ 0-1

[Event "Emerald City Open"]
[Site "Chess.com"]
[Date "2020.06.20"]
[Round "?"]
[White "Vega, Isaac"]
[Black "Li, Edward"]
[Result "1-0"]
[WhiteElo "1972"]
[BlackElo "1595"]
[PlyCount "129"]
[EventDate "2020.??.??"]

1. e4 e5 2. Nf3 Nc6 3. Bb5 a6 4. Ba4 d6 5. c3 Bd7 6. d4 Nge7 7. O-O g6 8. Bg5
Bg7 9. d5 Nb8 10. c4 O-O 11. Bxd7 Nxd7 12. Nc3 h6 13. Be3 f5 14. Ne1 f4 15. Bd2
Nf6 16. f3 g5 17. Nd3 Ng6 18. c5 h5 19. h3 Qd7 20. cxd6 cxd6 21. Na4 Rae8 22.
Nb6 Qb5 23. Qb3 Qxb3 24. axb3 Ne7 25. Bb4 Rd8 26. Nxe5 Nfxd5 27. Nxd5 Nxd5 28.
exd5 Bxe5 29. Bc3 Rde8 30. Rfe1 Bg7 31. Kf2 Rc8 32. Rac1 Rc5 33. Bxg7 Rxc1 34.
Rxc1 Kxg7 35. Rc4 Rf5 36. Rd4 Re5 37. h4 gxh4 38. b4 Kg6 39. Rxf4 Rxd5 40. Rxh4
Rd2+ 41. Kg3 Kg5 42. Rc4 Rxb2 43. Rd4 h4+ 44. Kh3 Rb1 45. Rg4+ Kf5 46. Kxh4 b5
47. Re4 Ra1 48. g4+ Kf6 49. f4 Ra4 50. Rd4 Ke6 51. Kg5 a5 52. f5+ Kf7 53. Rxd6
axb4 54. Rd7+ Ke8 55. Rb7 Ra5 56. f6 b3 57. Re7+ Kf8 58. Re1 b4+ 59. Kg6 b2 60.
Rb1 Ra2 61. g5 b3 62. Rh1 b1=Q+ 63. Rxb1 Ra3 64. Rh1 Ra7 65. Rh8# 1-0

[Event "Emerald City Open"]
[Site "Chess.com"]
[Date "2020.06.21"]
[Round "?"]
[White "Li, Edward"]
[Black "Bian, Erin"]
[Result "1-0"]
[WhiteElo "1595"]
[BlackElo "1765"]
[PlyCount "49"]
[EventDate "2020.??.??"]

1. e4 e5 2. Nf3 Nc6 3. Nc3 Nf6 4. Bb5 Bc5 5. O-O O-O 6. Nxe5 Nxe5 7. d4 a6 8.
Be2 Bd6 9. f4 Nc6 10. e5 Be7 11. d5 Bc5+ 12. Kh1 Nd4 13. exf6 Nxe2 14. fxg7
Ng3+ 15. hxg3 Re8 16. f5 Kxg7 17. f6+ Kh8 18. Qf3 d6 19. Ne4 Rxe4 20. Qxe4 Bd7
21. Bh6 c6 22. Qh4 Qb6 23. Qg5 Rg8 24. Bg7+ Rxg7 25. Qxg7# 1-0

[Event "Emerald City Open"]
[Site "Chess.com"]
[Date "2020.06.21"]
[Round "?"]
[White "Li, Edward"]
[Black "Lu, Ryan"]
[Result "0-1"]
[WhiteElo "1595"]
[BlackElo "1948"]
[PlyCount "140"]
[EventDate "2020.??.??"]

1. e4 c6 2. d4 d5 3. Nc3 dxe4 4. Nxe4 Bf5 5. Ng3 Bg6 6. Nf3 Nd7 7. Bd3 e6 8.
O-O Ngf6 9. Re1 Bd6 10. Nf5 Bxf5 11. Bxf5 Qc7 12. a3 O-O 13. Bd3 c5 14. h3 c4
15. Bf1 b5 16. Bd2 a5 17. a4 b4 18. c3 Nb6 19. Qe2 Nfd5 20. g3 Qd7 21. cxb4
axb4 22. a5 c3 23. bxc3 bxc3 24. axb6 cxd2 25. Nxd2 Nxb6 26. Bg2 Rxa1 27. Rxa1
Bxg3 28. Rb1 Bc7 29. Nf3 Rd8 30. h4 Nd5 31. Qc2 Nf4 32. Rb7 Rc8 33. Bf1 Qd6 34.
Ra7 f6 35. Ba6 Qb6 36. Qc5 Qb1+ 37. Kh2 Qb2 38. d5 Nd3+ 39. Rxc7 Nxc5 40. Rxc8+
Kf7 41. dxe6+ Kxe6 42. Kg2 Nxa6 43. Rc6+ Kd5 44. Rxa6 Qb7 45. Ra5+ Ke6 46. Ra3
Kf5 47. Ra4 Qd5 48. Rb4 Qd3 49. Rb5+ Kg4 50. Rg5+ Kf4 51. Rg3 Qe4 52. Rh3 g5
53. hxg5 fxg5 54. Kg1 g4 55. Rh6 Kxf3 56. Rf6+ Ke2 57. Rb6 Qf3 58. Rb2+ Kd1 59.
Rb8 h5 60. Rd8+ Kc2 61. Rc8+ Kd3 62. Re8 h4 63. Rd8+ Ke4 64. Re8+ Kd5 65. Rd8+
Ke6 66. Re8+ Kd7 67. Rh8 h3 68. Rh7+ Ke6 69. Rh6+ Kf7 70. Ra6 Qg2# 0-1

[Event "Emerald City Open"]
[Site "Chess.com"]
[Date "2020.06.20"]
[Round "?"]
[White "Vega, Isaac"]
[Black "Devaraju, Sonia"]
[Result "1-0"]
[WhiteElo "1972"]
[BlackElo "1543"]
[PlyCount "61"]
[EventDate "2020.??.??"]

1. e4 e5 2. Nf3 Nc6 3. Bb5 a6 4. Ba4 b5 5. Bb3 Nf6 6. O-O d6 7. Re1 Be7 8. c3
O-O 9. h3 Re8 10. d4 exd4 11. cxd4 d5 12. e5 Ne4 13. Nbd2 Ng5 14. Nxg5 Bxg5 15.
Nf3 Bxc1 16. Rxc1 Bf5 17. Rxc6 Qd7 18. Rc5 c6 19. Qd2 Re6 20. Nh4 Bg6 21. f4 f5
22. Bc2 Rf8 23. g4 Ree8 24. Bxf5 Bxf5 25. Nxf5 Re6 26. Ng3 Rh6 27. Kg2 Re8 28.
f5 Kh8 29. Rf1 Rf8 30. Qf4 Qc7 31. g5 1-0

[Event "Emerald City Open"]
[Site "Chess.com"]
[Date "2020.06.20"]
[Round "?"]
[White "Devaraju, Sonia"]
[Black "Ingram, Richard"]
[Result "1/2-1/2"]
[WhiteElo "1543"]
[BlackElo "1880"]
[PlyCount "65"]
[EventDate "2020.??.??"]

1. e4 c5 2. Nf3 Nc6 3. Bb5 g6 4. Bxc6 dxc6 5. O-O Bg7 6. c3 Bg4 7. h3 Bxf3 8.
Qxf3 Nf6 9. Re1 O-O 10. e5 Nd5 11. d4 cxd4 12. cxd4 Qb6 13. Qd3 Rad8 14. a3 c5
15. dxc5 Qxc5 16. Qb3 b6 17. Nd2 Nc7 18. Nf3 Ne6 19. Be3 Qd5 20. Qc2 Rc8 21.
Qa4 Rc7 22. Rad1 Qc6 23. Qh4 Qb5 24. b4 Re8 25. Nd4 Nxd4 26. Bxd4 e6 27. f4 Qa6
28. Qg3 Rd7 29. Bb2 Qc8 30. Rc1 Rc7 31. Qe3 Rd8 32. Rxc7 Qxc7 33. Rc1 1/2-1/2

[Event "Emerald City Open"]
[Site "Chess.com"]
[Date "2020.06.20"]
[Round "?"]
[White "Kozower, Ethan"]
[Black "Devaraju, Sonia"]
[Result "1-0"]
[WhiteElo "1863"]
[BlackElo "1543"]
[PlyCount "49"]
[EventDate "2020.??.??"]

1. d4 Nf6 2. c4 e6 3. Nc3 c5 4. d5 exd5 5. cxd5 d6 6. e4 Be7 7. Bd3 Nbd7 8. Nf3
O-O 9. O-O Ne5 10. Nxe5 dxe5 11. h3 b6 12. Qe2 Bb7 13. f4 exf4 14. Bxf4 Re8 15.
Qf3 Rc8 16. Rad1 c4 17. Bc2 Bc5+ 18. Kh1 Nd7 19. Qg3 Nf8 20. Ba4 Nd7 21. e5 Qe7
22. e6 fxe6 23. Bg5 Qd6 24. Qxd6 Bxd6 25. Bxd7 1-0

[Event "Emerald City Open"]
[Site "Chess.com"]
[Date "2020.06.21"]
[Round "?"]
[White "Devaraju, Sonia"]
[Black "Bloom, Corey"]
[Result "0-1"]
[WhiteElo "1543"]
[BlackElo "1780"]
[PlyCount "180"]
[EventDate "2020.??.??"]

1. e4 e6 2. d4 d5 3. e5 c5 4. c3 Nc6 5. Nf3 Bd7 6. a3 cxd4 7. cxd4 f6 8. Nc3
Nge7 9. Nb5 Ng6 10. exf6 gxf6 11. Be2 a6 12. Nc3 Qc7 13. O-O Bd6 14. Bd3 O-O-O
15. b4 Nce7 16. Bb2 Nf4 17. Rc1 Bc6 18. b5 axb5 19. Nxb5 Qb8 20. Nxd6+ Qxd6 21.
Bb5 Rhg8 22. g3 Kd7 23. a4 h5 24. Kh1 Nfg6 25. Qb3 Nf5 26. Ba3 Qc7 27. a5 Rb8
28. Qa4 h4 29. Rg1 e5 30. a6 Ra8 31. a7 hxg3 32. fxg3 e4 33. Rc5 exf3 34. Rxd5+
Kc8 35. Rxf5 f2+ 36. Bxc6 fxg1=Q+ 37. Kxg1 bxc6 38. Rc5 Ne7 39. Ra5 Nd5 40. Rc5
Rxg3+ 41. hxg3 Qxg3+ 42. Kf1 Qf3+ 43. Ke1 Qe3+ 44. Kf1 Qf3+ 45. Ke1 Qh1+ 46.
Kd2 Qh6+ 47. Ke1 Qe3+ 48. Kf1 Qd3+ 49. Ke1 Qe4+ 50. Kf2 Qf4+ 51. Ke1 Qe4+ 52.
Kf2 Ne7 53. Qa6+ Kc7 54. Rc4 Qh4+ 55. Ke2 Qh2+ 56. Kd3 Qg3+ 57. Kc2 Qg2+ 58.
Kb3 Qf3+ 59. Ka2 Nc8 60. Qa5+ Kd7 61. Bc5 Qd5 62. Kb3 Rxa7 63. Qc3 Rb7+ 64. Ka3
Nd6 65. Bxd6 Qxd6+ 66. Rc5 Rb5 67. Qh3+ Kc7 68. Qc3 Kb6 69. Ka4 Rxc5 70. Qb4+
Kc7 71. dxc5 Qd1+ 72. Ka3 Qa1+ 73. Kb3 Qb1+ 74. Kc4 Qxb4+ 75. Kxb4 Kd7 76. Kc4
Ke6 77. Kd4 f5 78. Ke3 Ke5 79. Kf3 f4 80. Ke2 Ke4 81. Kf2 f3 82. Ke1 Kd4 83.
Kf2 Kxc5 84. Kxf3 Kd4 85. Ke2 Kc4 86. Kd2 Kb3 87. Kc1 c5 88. Kb1 c4 89. Kc1 Kc3
90. Kb1 Kd2 0-1

[Event "Emerald City Open"]
[Site "Chess.com"]
[Date "2020.06.20"]
[Round "?"]
[White "Zhang, Michelle"]
[Black "Goktepe, Derin"]
[Result "0-1"]
[WhiteElo "1267"]
[BlackElo "1930"]
[PlyCount "68"]
[EventDate "2020.??.??"]

1. e4 e5 2. Nf3 Nc6 3. Bc4 Bc5 4. c3 Nf6 5. d3 d6 6. Bb3 h6 7. h3 O-O 8. g4 d5
9. Qe2 Qd6 10. g5 hxg5 11. Bxg5 dxe4 12. dxe4 Nh5 13. Nbd2 Nf4 14. Bxf4 exf4
15. O-O-O Qh6 16. Qf1 a5 17. a3 b6 18. Bc4 Rb8 19. Qe2 Na7 20. Ba6 b5 21. Bxc8
Rbxc8 22. Nb3 Bb6 23. Kb1 c5 24. Ne5 b4 25. cxb4 Qe6 26. Nd7 Qxb3 27. Nxb6 Rcd8
28. Rxd8 Rxd8 29. bxc5 Nb5 30. Rc1 f3 31. Qf1 Nxa3+ 32. Ka1 Rd2 33. Nc4 Nxc4
34. Rb1 Qa4# 0-1

[Event "Emerald City Open"]
[Site "Chess.com"]
[Date "2020.06.20"]
[Round "?"]
[White "Moore, Michael"]
[Black "Zhang, Michelle"]
[Result "1-0"]
[WhiteElo "1950"]
[BlackElo "1267"]
[PlyCount "55"]
[EventDate "2020.??.??"]

1. Nf3 d5 2. c4 dxc4 3. e3 Nf6 4. Bxc4 Nc6 5. Nc3 Bf5 6. d4 e6 7. O-O Bd6 8.
Qe2 Bg4 9. h3 Bh5 10. Rd1 e5 11. dxe5 Nxe5 12. g4 Nfxg4 13. Nxe5 Nxe5 14. Qxh5
Nxc4 15. Qb5+ c6 16. Qxc4 Qc7 17. Qg4 O-O 18. e4 Kh8 19. Be3 Rae8 20. Rac1 Re6
21. Kh1 a6 22. Rd3 Rg6 23. Qf5 Re8 24. Rcd1 Re5 25. Qxe5 Re6 26. Rxd6 h6 27.
Rd8+ Kh7 28. Qxc7 1-0

[Event "Emerald City Open"]
[Site "Chess.com"]
[Date "2020.06.21"]
[Round "?"]
[White "Zhang, Michelle"]
[Black "Kozower, Ethan"]
[Result "1/2-1/2"]
[WhiteElo "1267"]
[BlackElo "1863"]
[PlyCount "95"]
[EventDate "2020.??.??"]

1. e4 c5 2. Nf3 e6 3. d4 cxd4 4. Nxd4 a6 5. Nc3 Qc7 6. Bd3 Nf6 7. Be3 Bb4 8.
O-O Bxc3 9. bxc3 d6 10. Qf3 O-O 11. Bg5 Nbd7 12. Qg3 Kh8 13. Kh1 b6 14. f4 Bb7
15. Rae1 Qxc3 16. Ne2 Qc5 17. Ng1 e5 18. Qh4 Ng8 19. Rf3 f6 20. Rh3 h6 21. Nf3
fxg5 22. Nxg5 Rxf4 23. Qh5 Qf2 24. Rg1 Ngf6 25. Qg6 Rh4 26. Rf1 Qxf1+ 27. Bxf1
hxg5 28. Qxg5 Rxh3 29. gxh3 Bxe4+ 30. Kg1 Rc8 31. Qh4+ Kg8 32. Bxa6 Rxc2 33. a4
Nc5 34. Bb5 Rg2+ 35. Kf1 Rxh2 36. Qg3 Rh1+ 37. Kf2 Bd5 38. Ke2 Nce4 39. Qe3
Rh2+ 40. Kd1 Nc5 41. Qg3 Rg2 42. Qh4 Nce4 43. Kc1 Bb3 44. Bd3 Bd5 45. Bb5 Nc5
46. Kd1 Bf3+ 47. Ke1 Bd5 48. Kd1 1/2-1/2

[Event "Emerald City Open"]
[Site "Chess.com"]
[Date "2020.06.21"]
[Round "?"]
[White "Chang, Eddie"]
[Black "Zhang, Michelle"]
[Result "1/2-1/2"]
[WhiteElo "1887"]
[BlackElo "1267"]
[PlyCount "71"]
[EventDate "2020.??.??"]

1. d4 d5 2. c4 e6 3. Nc3 Nf6 4. cxd5 exd5 5. Bg5 Be7 6. e3 Nbd7 7. Bd3 c6 8.
Qc2 h6 9. Bh4 O-O 10. Nf3 b6 11. h3 Bb7 12. g4 c5 13. g5 hxg5 14. Nxg5 Re8 15.
Bh7+ Kf8 16. Bg6 cxd4 17. Bxf7 Qc8 18. Be6 dxc3 19. Qh7 Bb4 20. Qg8+ Ke7 21.
Qxg7+ Kd8 22. Nf7+ Kc7 23. Qg3+ Kc6 24. bxc3 Bxc3+ 25. Ke2 Ba6+ 26. Kf3 Rxe6
27. Rac1 Ne4 28. Qg7 Bc4 29. Rxc3 Nxc3 30. Nd8+ Kb5 31. Nxe6 Ka6 32. Rg1 Qc6
33. Nd4 Qc8 34. Rg6 Qf8+ 35. Kg2 Qxg7 36. Rxg7 1/2-1/2

[Event "Emerald City Open"]
[Site "Chess.com"]
[Date "2020.06.21"]
[Round "?"]
[White "Martin, Andrew"]
[Black "Trey, Justin"]
[Result "0-1"]
[WhiteElo "1542"]
[BlackElo "1662"]
[PlyCount "112"]
[EventDate "2020.??.??"]

1. e4 e6 2. e5 d5 3. exd6 Bxd6 4. d4 Nf6 5. Nf3 O-O 6. Be2 b6 7. O-O Bb7 8. Bg5
Nbd7 9. Nbd2 c5 10. c3 h6 11. Bh4 Qc7 12. Rc1 Rac8 13. Re1 cxd4 14. cxd4 Qb8
15. Qa4 Nd5 16. Qxd7 g5 17. Bg3 Bxg3 18. hxg3 Bc6 19. Rxc6 Rcd8 20. Rc8 Rxd7
21. Rxb8 Rxb8 22. Ne5 Rc7 23. Bh5 Kg7 24. Ne4 Rd8 25. a3 f5 26. Nd2 Nf6 27. Bd1
Rxd4 28. Ndf3 Rd6 29. Bb3 b5 30. a4 bxa4 31. Bxa4 g4 32. Nh4 Ne4 33. b3 Rd5 34.
Nc4 Nc5 35. Ne3 Rd8 36. f3 Nxa4 37. bxa4 h5 38. f4 Rd3 39. Nf1 Kf6 40. Rb1 Ra3
41. Nd2 Rxa4 42. Rb8 Rc1+ 43. Kf2 Ra2 44. Rd8 a5 45. Ke3 Rc3+ 46. Kf2 a4 47.
Rd6 a3 48. Ke1 Rb2 49. Ra6 Rc1+ 50. Ke2 a2 51. Kd3 a1=Q 52. Rxa1 Rxa1 53. Nc4
Rb3+ 54. Kd4 Rd1+ 55. Kc5 Rd5+ 56. Kc6 Rc3 0-1

[Event "Emerald City Open"]
[Site "Chess.com"]
[Date "2020.06.21"]
[Round "?"]
[White "Ramkumar, Aditya"]
[Black "Patick, Sterling"]
[Result "1-0"]
[WhiteElo "1452"]
[BlackElo "1663"]
[PlyCount "83"]
[EventDate "2020.??.??"]

1. Nf3 d5 2. d4 c5 3. c3 cxd4 4. cxd4 Bg4 5. Ne5 Bf5 6. Nc3 Nc6 7. Nxc6 bxc6 8.
e3 Nf6 9. Be2 e6 10. O-O Bd6 11. h3 O-O 12. Bd3 Bxd3 13. Qxd3 Qe7 14. Bd2 e5
15. Rfe1 e4 16. Qf1 Rfc8 17. Rac1 c5 18. Nb5 c4 19. Nxd6 Qxd6 20. Rc3 Rab8 21.
Rb1 Nd7 22. Ra3 Rb7 23. Bc3 Rcb8 24. Ra5 Nb6 25. a3 Qd7 26. Qd1 g6 27. Bb4 f5
28. f3 Re8 29. f4 Reb8 30. Qe1 Kf7 31. Qh4 Ke6 32. g4 Qf7 33. Rc5 Kd7 34. Kh2
fxg4 35. Qxg4+ Qe6 36. Qh4 Ke8 37. Rg1 Na4 38. Ra5 Nxb2 39. Rg5 Rd8 40. Re5
Qxe5 41. fxe5 Nd3 42. Ra6 1-0

[Event "Emerald City Open"]
[Site "Chess.com"]
[Date "2020.06.21"]
[Round "?"]
[White "Singh, Saket"]
[Black "Ramkumar, Aditya"]
[Result "1-0"]
[WhiteElo "1484"]
[BlackElo "1452"]
[PlyCount "105"]
[EventDate "2020.??.??"]

1. e4 e5 2. Nf3 Nc6 3. Nc3 Nf6 4. d4 exd4 5. Nxd4 Bc5 6. Be3 Bb6 7. Qd2 O-O 8.
O-O-O d6 9. Be2 Bd7 10. f3 Ne5 11. g4 Be6 12. g5 Ne8 13. f4 Bxd4 14. Bxd4 Nc6
15. Bf2 f6 16. h4 a6 17. a3 Rb8 18. f5 Bf7 19. Rhg1 Ne5 20. Be3 fxg5 21. hxg5
g6 22. fxg6 Bxg6 23. Bd4 Ng7 24. Kb1 b5 25. Nd5 Nd7 26. Qc3 Ne6 27. Nf6+ Nxf6
28. Bxf6 Qd7 29. e5 d5 30. Qb3 c6 31. Bg4 Qe8 32. Qh3 Nf4 33. Qh2 Nh5 34. Bxh5
Bxh5 35. g6 Bxg6 36. Rxg6+ hxg6 37. Rh1 Kf7 38. Qh7+ Ke6 39. Qh3+ Kf7 40. Qf3
Qe6 41. Rh7+ Ke8 42. Qg3 Rg8 43. Qg5 Qf5 44. Re7+ Kd8 45. Rg7+ Kc8 46. Rxg8+
Kc7 47. Bd8+ Kb7 48. Qxf5 gxf5 49. e6 f4 50. e7 f3 51. e8=Q f2 52. Rg7+ Ka8 53.
Qxc6+ 1-0

[Event "Emerald City Open"]
[Site "Chess.com"]
[Date "2020.06.20"]
[Round "?"]
[White "Liotta, Nicholas"]
[Black "Patick, Sterling"]
[Result "1-0"]
[WhiteElo "1419"]
[BlackElo "1663"]
[PlyCount "67"]
[EventDate "2020.??.??"]

1. e4 c5 2. Nf3 Nc6 3. d4 cxd4 4. Nxd4 g6 5. Nc3 Bg7 6. Be3 Nf6 7. Qd2 a6 8.
O-O-O Ng4 9. Nxc6 bxc6 10. Bd4 Bh6 11. Be3 Nxe3 12. fxe3 Qb6 13. Re1 Bb7 14.
Na4 Qc7 15. Qd4 Rg8 16. Nc5 d6 17. Nxb7 Qxb7 18. b3 Bg7 19. Qa4 Qb6 20. Bc4 Bh6
21. Kb1 Bxe3 22. Rxe3 Kf8 23. Rf3 Rg7 24. Rhf1 f6 25. g4 g5 26. Be6 Rd8 27. Qc4
h6 28. Rc3 c5 29. Rh3 Rh7 30. Bf5 Rh8 31. Bg6 d5 32. exd5 Qd6 33. Rd1 e6 34.
Rhd3 1-0

[Event "Emerald City Open"]
[Site "Chess.com"]
[Date "2020.06.20"]
[Round "?"]
[White "Martin, Andrew"]
[Black "Liotta, Nicholas"]
[Result "1-0"]
[WhiteElo "1542"]
[BlackElo "1419"]
[PlyCount "63"]
[EventDate "2020.??.??"]

1. e4 e6 2. e5 d5 3. exd6 Bxd6 4. d4 Nf6 5. Nf3 O-O 6. Bc4 Nc6 7. O-O e5 8.
dxe5 Nxe5 9. Be2 Nfg4 10. h3 Nxf3+ 11. Bxf3 Nh2 12. Re1 Nxf3+ 13. Qxf3 Re8 14.
Be3 Qg5 15. Nd2 Qe5 16. Bf4 Qxe1+ 17. Rxe1 Rxe1+ 18. Kh2 Bxf4+ 19. Qxf4 c6 20.
Qc7 Re8 21. Nc4 Be6 22. Nd6 Red8 23. Nxb7 Rdc8 24. Qa5 Rcb8 25. Nc5 Rxb2 26.
Nxe6 fxe6 27. Qe5 Rxc2 28. Qxe6+ Kh8 29. f4 c5 30. Qe4 Rxg2+ 31. Kxg2 Rc8 32.
Qc4 1-0

[Event "Emerald City Open"]
[Site "Chess.com"]
[Date "2020.06.21"]
[Round "?"]
[White "Liotta, Nicholas"]
[Black "Singh, Saket"]
[Result "0-1"]
[WhiteElo "1419"]
[BlackElo "1484"]
[PlyCount "34"]
[EventDate "2020.??.??"]

1. e4 e5 2. Nf3 Nc6 3. d4 exd4 4. Nxd4 Nf6 5. Bg5 h6 6. Nxc6 bxc6 7. Bxf6 Qxf6
8. c3 Bc5 9. Qc2 d5 10. Bd3 dxe4 11. Bxe4 Ba6 12. Bf3 O-O 13. Nd2 Rfe8+ 14. Ne4
Qf4 15. c4 f5 16. O-O fxe4 17. Bg4 Qxg4 0-1

[Event "Emerald City Open"]
[Site "Chess.com"]
[Date "2020.06.20"]
[Round "?"]
[White "Tembhare, Santoshkumar"]
[Black "Zhang, Iris"]
[Result "0-1"]
[WhiteElo "1684"]
[BlackElo "1387"]
[PlyCount "122"]
[EventDate "2020.??.??"]

1. e4 e6 2. Nf3 d5 3. exd5 exd5 4. d4 Bd6 5. Nc3 c6 6. Bd3 Bg4 7. h3 Bh5 8. g4
Bg6 9. Bxg6 hxg6 10. Qe2+ Ne7 11. Bd2 Nd7 12. Ng5 Qb6 13. O-O-O Rf8 14. Be3
O-O-O 15. Rd3 Qa6 16. Qf3 Nf6 17. Kb1 Kb8 18. Nd1 Nc8 19. Rb3 Nb6 20. Re1 Nc4
21. Bf4 Qa5 22. Bxd6+ Rxd6 23. Qc3 Nd2+ 24. Kc1 Nxb3+ 25. axb3 Qxc3 26. Nxc3
Re8 27. Re5 Rd7 28. f4 Rxe5 29. dxe5 Ne4 30. Nf3 Nxc3 31. bxc3 Re7 32. Kd2 f6
33. b4 b6 34. Kd3 a5 35. h4 a4 36. Kd2 Kc8 37. Kc1 Kd7 38. g5 fxe5 39. Nxe5+
Rxe5 40. fxe5 Ke6 41. Kb2 Kxe5 42. c4 dxc4 43. Kc3 b5 44. Kb2 Kf4 45. c3 Kg4
46. Kc1 Kxh4 47. Kd2 Kxg5 48. Ke3 a3 49. Kd4 a2 50. Kc5 a1=Q 51. Kxc6 Qxc3 52.
Kxb5 Qb3 53. Kc5 c3 54. b5 c2 55. b6 c1=Q+ 56. Kd6 Qd3+ 57. Ke7 Qce3+ 58. Kf8
Qf5+ 59. Kg8 Qe8+ 60. Kh7 Qh3+ 61. Kxg7 Qhh8# 0-1

[Event "Emerald City Open"]
[Site "Chess.com"]
[Date "2020.06.20"]
[Round "?"]
[White "Singh, Saket"]
[Black "Zhang, Iris"]
[Result "0-1"]
[WhiteElo "1484"]
[BlackElo "1387"]
[PlyCount "66"]
[EventDate "2020.??.??"]

1. e4 e6 2. d4 d5 3. Nc3 Nf6 4. e5 Nfd7 5. f4 c5 6. Nf3 Nc6 7. Be3 Be7 8. Qd2
O-O 9. Be2 c4 10. O-O f6 11. b3 Qa5 12. a3 b5 13. f5 Nb6 14. b4 Qa6 15. exf6
Bxf6 16. fxe6 Bxe6 17. Ng5 Rae8 18. Bh5 Re7 19. Nxe6 Rxe6 20. a4 Nxa4 21. Nxd5
Qb7 22. Bg4 Rd6 23. Nxf6+ Rfxf6 24. Rxf6 Rxf6 25. d5 Ne5 26. Be6+ Nf7 27. Bd4
Rg6 28. Rf1 Rxe6 29. dxe6 Nd6 30. Qf4 Qe7 31. Bc5 Nxc5 32. bxc5 Nc8 33. Qe5 h6
0-1

[Event "Emerald City Open"]
[Site "Chess.com"]
[Date "2020.06.21"]
[Round "?"]
[White "Zhang, Iris"]
[Black "Martin, Andrew"]
[Result "0-1"]
[WhiteElo "1387"]
[BlackElo "1542"]
[PlyCount "114"]
[EventDate "2020.??.??"]

1. e4 c5 2. Nf3 d6 3. Bb5+ Bd7 4. Bxd7+ Nxd7 5. O-O e6 6. c4 Ngf6 7. Nc3 Be7 8.
d4 cxd4 9. Nxd4 a6 10. b3 O-O 11. f4 Rc8 12. Bb2 Qc7 13. Qd2 Qc5 14. Kh1 Qh5
15. Rf3 Rfe8 16. Rh3 Qa5 17. f5 e5 18. Nf3 Qc5 19. Rd1 Ng4 20. Rf1 Ne3 21. Re1
Ng4 22. Re2 Ngf6 23. Ne1 Qc6 24. Nd3 Qb6 25. Ree3 Nc5 26. Nf2 Qc6 27. Nd5 Nxd5
28. exd5 Qd7 29. Ref3 Qd8 30. Rfg3 Bf6 31. Qh6 Kf8 32. Qxh7 Ke7 33. Qh5 Qa5 34.
Qd1 Qxa2 35. Qc1 Qa5 36. Kg1 Qb6 37. Kf1 Rh8 38. Qe3 Qa5 39. Bc3 Qa2 40. Bb4
Qb1+ 41. Ke2 Rxh3 42. Rxh3 Qxf5 43. g4 Qc2+ 44. Kf1 Qb1+ 45. Kg2 g6 46. Bxc5
Rxc5 47. g5 Bg7 48. Rh7 Kf8 49. Ne4 Ra5 50. Nf2 Ra1 51. Qb6 Kg8 52. Rh4 Qg1+
53. Kf3 Qxg5 54. Rg4 Qf5+ 55. Kg3 Rg1+ 56. Kh3 Qh5+ 57. Rh4 Qf3# 0-1

[Event "Emerald City Open"]
[Site "Chess.com"]
[Date "2020.06.21"]
[Round "?"]
[White "Zhang, Iris"]
[Black "Hamlett, James"]
[Result "1-0"]
[WhiteElo "1387"]
[BlackElo "1561"]
[PlyCount "55"]
[EventDate "2020.??.??"]

1. e4 b6 2. d4 Bb7 3. Nc3 e6 4. Nf3 Bb4 5. Bd3 h6 6. O-O Nf6 7. Re1 d6 8. d5
O-O 9. Bc4 exd5 10. exd5 Nbd7 11. Bd2 Re8 12. Rxe8+ Qxe8 13. a3 Bxc3 14. Bxc3
Ne4 15. Bd4 Ndf6 16. Be3 b5 17. Ba2 Ng4 18. Bd4 Qd7 19. Qd3 Nc5 20. Bxc5 dxc5
21. c4 Re8 22. cxb5 Qd6 23. Rc1 Qb6 24. Qc4 Nf6 25. Qxc5 Qa5 26. h3 Re2 27.
Qxc7 Qxb5 28. Bc4 1-0

[Event "Emerald City Open"]
[Site "Chess.com"]
[Date "2020.06.20"]
[Round "?"]
[White "Li, David"]
[Black "Martin, Andrew"]
[Result "0-1"]
[WhiteElo "1344"]
[BlackElo "1542"]
[PlyCount "70"]
[EventDate "2020.??.??"]

1. e4 c5 2. Nf3 d6 3. d4 cxd4 4. Nxd4 Bd7 5. c4 Nc6 6. Be3 Nf6 7. Nc3 a6 8. Be2
e6 9. O-O Be7 10. f3 O-O 11. Qc2 Rc8 12. Rfd1 h6 13. b3 Qc7 14. Rd2 Ne5 15. Bf1
b5 16. f4 Neg4 17. Re1 Rfe8 18. h3 Nxe3 19. Rxe3 b4 20. Nd1 e5 21. fxe5 dxe5
22. Nf3 Bc5 23. Kh2 Bxe3 24. Nxe3 a5 25. Nd1 Bc6 26. Nf2 Qb7 27. Bd3 Rcd8 28.
Re2 Nh5 29. g3 Qc7 30. Ne1 f5 31. exf5 e4 32. Nxe4 Bxe4 33. Bxe4 Qxg3+ 34. Kh1
Qxh3+ 35. Rh2 Qf1# 0-1